000 00992nam a2200253Ia 4500
999 _c54258
_d54258
001 21314
003 GE_BSU
005 20221108161527.0
008 181216s2017||||enk|||||||||||||| ||eng||
020 _a9781786464392x
040 _cGE_BSU
041 _aeng
080 _a004.383 J-78
100 _aJoshi, Prateek
_912740
245 _aArtificial intelligence with Python :
_bBuild real-world Artificial intelligence application with Python to intelligently interact with the world around you /
_cPrateek Joshi.
264 _aBirminngham :
_bPackt,
_c2017.
300 _a430 p. ;
_c24 cm.
653 _aArtificial intelligence with Python
653 _aBuild real-world Artificial intelligence application with Python to intelligently interact with the world around you
653 _aИнформационные технологии
653 _aკომპიუტერები
653 _aკომპიუტერების სახეები
942 _cBK
_2udc